000 02280cam a22001934a 4500
005 20250605164108.0
008 250528s ||||||||||||||||||||||||d
035 _a17816
020 _a9789608920958
040 _aGR-AtMCL
_bgre
_dGR-AtMCL
_eAACR2
245 1 _aΚοινωνική Φροντίδα στην Ελλάδα / Ο Ρόλος των Μη Κυβερνητικών Οργανώσεων
260 _bΠαρατηρητής,
_c2008
300 _a608
520 _aΣκοπός του βιβλίου είναι η διερεύνηση του ρόλου των Ελληνικών Μη Κυβερνητικών οργανώσεων που δραστηριοποιούνται στον τομέα της παροχής υπηρεσιών κοινωνικής φροντίδας. Εισαγωγή, Μεθοδολογία, Ζητήματα Ορισμών και Εντοπισμός του Ρόλου των Μ.Κ.Ο. στο Πλαίσιο των Μεταβαλλόμενων Λειτουργιών της Κοινωνικής Πολιτικής, Οριοθέτηση των Μη Κυβερνητικών Οργανώσεων (Μ.Κ.Ο.), Εξάπλωση και Διερεύνηση των Μ.Κ.Ο., Σχέση Μ.Κ.Ο. και Κράτους και Νέες Μορφές Διαχείρισης της Κοινωνικής Φροντίδας, Εμπειρική Προσέγγιση της Παρουσίας των Μ.Κ.Ο. στον Χώρο της Κοινωνικής Φροντίδας στην Ελλάδα, Μ.Κ.Ο. και η Διαμόρφωση ''Κράτους Πρόνοιας''Žκαι Κοινωνικής Φροντίδας στην Ελλάδα, Το Θεσμικό Πλαίσιο των Μ.Κ.Ο. στην Ελλάδα, Η Δυναμικότητα των Ελληνικών Μ.Κ.Ο. Κοινωνικής Φροντίδας (Μ.Κ.Φ.), Η Παρέμβαση των Ελληνικών Μ.Κ.Ο. Κοινωνικής Φροντίδας, Λογοδοσία και Νομιμοποίηση και Δικτύωση και Μεγέθυνση, Συμπεράσματα, Παραρτήματα, Βιβλιογραφία, Ευρετήριο.
700 1 _aΠολυζωίδης Περικλής
_94086
942 _cBK
999 _c3216
_d3216